000 00211nam a2200085Ia 4500
245 0 _aUnseen
100 _a Bush, Nancy New York, [c.2009]
_968164
942 _cBK
008 210817s9999 xx 000 0 und d
999 _c401581
_d401580